SGE ( school for good and evil) characters - Statistics

General Stats
  • This quiz has been taken 159 times
  • The average score is 12 of 15
Answer Stats
Hint Answer % Correct
Sophie's best friend Agatha
100%
Agatha's best friend Sophie
100%
Prince of Camelot Tedros
99%
Leader of the coven Hester
95%
Power to transform things into chocolate Dot
91%
Has three rats Anadil
86%
Dean of Evil Lady Lesso
81%
School Master Rafal
80%
Dean of Good Prof. Clarissa Dovey
78%
Evil head of the dog Castor
76%
Dean of Evil's son Aric
73%
Good head of the dog Pollux
72%
Teaches animal communication Princess Uma
61%
Teaches history/is a seer Prof. August A. Sader
60%
Teaches special talents Sheeba Sheeks
39%
No matching quizzes found
Score Distribution
Percent of People with Each Score
Percentile by Number Answered
Your Score History
You have not taken this quiz